00375nam a2200097Ia 4500008004100000041000800041100003400049245010200083260005000185650004200235191203s9999 xx 000 0 und d aeng aDilendra Nilupuli Wijesekara 0aCinnamon wood as an adsorption medium for the removal of Methylene blue from industrial effluents aInstitiute of Chemistri CeylonbColomboc2019 a"Seminar Reports ,Dissertations,2019"